|
|
|
|
| LEADER |
01052nam a2200277 a 4500 |
| 001 |
30976 |
| 003 |
BD-DhAAL |
| 005 |
20160405113126.0 |
| 008 |
160405s1989 bg b f000 0 eng |
| 010 |
|
|
|a 89905181
|
| 020 |
|
|
|c 9789843394545
|
| 040 |
|
|
|a BD-DhAAL
|c BD-DhAAL
|
| 050 |
0 |
0 |
|a HJ9569.6
|b .A37 1989
|
| 082 |
|
|
|2 22
|a 336.0145492
|
| 100 |
1 |
|
|a Yunus, Mohammad
|9 19022
|
| 245 |
1 |
0 |
|a Municipal finance in Bangladesh :
|b untapped potential or white elephant? /
|c Mohammad Yunus and Sultan Hafeez Rahman
|
| 250 |
|
|
|a 1st ed.
|
| 260 |
|
|
|a Dhaka, Bangladesh :
|b National Institute of Local Government,
|c 1989.
|
| 300 |
|
|
|a 95 p. ;
|c 23 cm.
|
| 504 |
|
|
|a Includes bibliographical references (p. [79]-80)
|
| 541 |
|
|
|e 30976
|
| 650 |
|
0 |
|a Municipal finance
|z Bangladesh
|x Case studies.
|9 19023
|
| 740 |
0 |
|
|a Municipal finance in Bangladesh.
|
| 942 |
|
|
|2 ddc
|c BK
|
| 999 |
|
|
|c 37401
|d 37401
|
| 952 |
|
|
|0 0
|1 0
|2 ddc
|4 0
|6 336_014549200000000_YUN
|7 0
|9 58729
|a BRACUL
|b BRACUL
|c GEN
|d 2016-04-05
|e BIGD
|g 350.00
|l 0
|o 336.0145492 YUN
|p 3010030976
|r 2016-04-05
|t 1
|w 2016-04-05
|y BK
|